Firāʼidi ʻain Shāha ʻAbdullat̤īfu Bhiṭāʼī. (Record no. 89264)

MARC details
000 -LEADER
fixed length control field 00896cam a22002891 4500
001 - CONTROL NUMBER
control field sa 68020142
003 - CONTROL NUMBER IDENTIFIER
control field DLC
005 - DATE AND TIME OF LATEST TRANSACTION
control field 20260227112722.0
008 - FIXED-LENGTH DATA ELEMENTS--GENERAL INFORMATION
fixed length control field 940714s1963 pk 000 0 sndo
010 ## - LIBRARY OF CONGRESS CONTROL NUMBER
LC control number sa 68020142
025 ## - OVERSEAS ACQUISITION NUMBER
Overseas acquisition number PL480:P-Si-50
035 ## - SYSTEM CONTROL NUMBER
System control number (OCoLC)30766784
040 ## - CATALOGING SOURCE
Original cataloging agency DLC
Transcribing agency CU
Modifying agency CU
-- DLC
042 ## - AUTHENTICATION CODE
Authentication code premarc
050 00 - LIBRARY OF CONGRESS CALL NUMBER
Classification number PK2788.9.A2
Item number Z76
100 1# - MAIN ENTRY--PERSONAL NAME
Personal name Leghari, Abdul Karim.
245 10 - TITLE STATEMENT
Title Firāʼidi ʻain Shāha ʻAbdullat̤īfu Bhiṭāʼī.
250 ## - EDITION STATEMENT
Edition statement [1st ed.
260 ## - PUBLICATION, DISTRIBUTION, ETC.
Date of publication, distribution, etc. 1963]
300 ## - PHYSICAL DESCRIPTION
Extent 55, 14 p.
Dimensions 18 cm.
500 ## - GENERAL NOTE
General note Cover title.
500 ## - GENERAL NOTE
General note Added back cover title: Freud and Shah Abdul Latif!?; blunder by Nain zindagi.
500 ## - GENERAL NOTE
General note In Sindhi; introduction in English.
600 20 - SUBJECT ADDED ENTRY--PERSONAL NAME
Personal name ʻAbd al-Laṭīf,
Titles and other words associated with a name Shah,
Dates associated with a name approximately 1689-approximately 1752.
600 10 - SUBJECT ADDED ENTRY--PERSONAL NAME
Personal name Freud, Sigmund,
Dates associated with a name 1856-1939.
740 0# - ADDED ENTRY--UNCONTROLLED RELATED/ANALYTICAL TITLE
Uncontrolled related/analytical title Freud and Shah Abdul Latif!?

No items available.

Powered by Koha